| 000 | 00576cam a22001931 4500 | ||
|---|---|---|---|
| 001 | af 48003606 | ||
| 003 | DLC | ||
| 005 | 20260227110903.0 | ||
| 008 | 890605s1946 ne c 000 0 dut c | ||
| 010 | _aaf 48003606 | ||
| 035 | _a(OCoLC)19819488 | ||
| 040 |
_aCalifornia. Univ. Libr. _cCU _dDLC |
||
| 050 | 0 | 0 |
_aPT5484 _b.C55 |
| 245 | 0 | 0 |
_aClimax, _bopklimmend in de verdrukking. |
| 260 |
_a[Barendrecht?] _bRayon Barendrecht L.O. _c[1946] |
||
| 300 |
_a95 p. _bport. _c21 cm. |
||
| 651 | 0 |
_aNetherlands _xHistory _yGerman occupation, 1940-1945 _xPoetry. |
|
| 650 | 0 | _aDutch poetry. | |
| 999 |
_c5675 _d5675 |
||